000 00689nam a2200205 a 4500
001 000046828
005 20201002053136.0
008 110224s2016 dr a 000 0 spa d
020 _a9789945085679
040 _aDO-SdBNP
_bspa
_cBNPHU
082 _axxx
_bxxx
100 1 _aBelliard M., Freddy C.
_974778
245 1 0 _aSistemas administración y gestión informatica /
_cFreddy C. Belliard M.
260 _aSan Francisco Macoris, República Dominicana :
_b[s.d],
_c2016.
300 _a195 P. :
_bil. ;
_c24 cm.
500 _aIncluye índice
504 _aBibliografía p: 199
590 _aLa biblioteca posee 3 ejemplares autografiados por el autor.
590 _aInventariado, 2018/ YL
999 _c46317
_d46317